000 00509nam a2200205 a 4500
999 _c6403
_d6403
001 6403
003 BD-JhCC
005 20180122190627.0
008 180122s1979 bg |||| |||| 000 0 eng d
035 _a(BD-JhCC)
040 _aBD-JhCC
_dBD-JhCC
041 _aeng
082 _a297.2
_bAKR 1979
100 _aAkramuzzaman
245 _aA sociological Profile of Islam /
_cProf. Akramuzzaman
260 _aDhaka:
_bIslamic Foundation;
_c1979
300 _a125 p;,
_c22 cm
650 _aIslam
942 _2ddc
_cBK